Fiziko-chimičeskije issledovanija metallurgičeskich processov. Mežvuzovskij sbornik naučnych trudov.

Uložené v:
Podrobná bibliografia
Médium: Kniha
Jazyk:Slovak
Vydané: Sverdlovsk, 1986.
Fyzický popis: 149 s.
Tagy: Pridať tag
Žiadne tagy, Buďte prvý kto otaguje tento záznam!

MARC

LEADER 00000nam a22000004a 4500
001 000618921
005 20190703083023.0
008 190703s1986 xo e 000 0 slo d
040 |a SVKKK  |b slo  |c SVKKK  |e AACR2 
245 0 0 |a Fiziko-chimičeskije issledovanija metallurgičeskich processov. Mežvuzovskij sbornik naučnych trudov. 
260 |a Sverdlovsk,  |c 1986. 
300 |a 149 s. 
500 |a Záznam revízie 
910 |a svkkk 
998 |a BK 
090 |g SCKHL  |k Sklad Pribinova 2. posch.  |a III.127268  |j 716975  |i 2720703669  |4 Zastaraná  |s Vyradená 
090 |g SCKHL  |k Sklad Pribinova 2. posch.  |a III.150270  |j 770060  |i 2720665434  |4 Zastaraná  |s Vyradená